LIBRARY & INFORMATION CENTRE, KCAET, TAVANUR

ONLINE PUBLIC ACCESS CATALOGUE (OPAC)

Text book of operations research / (Record no. 295)

MARC details
000 -LEADER
fixed length control field 00476cam a2200193ua 4500
041 ## - LANGUAGE CODE
Language code of text/sound track or separate title eng
082 ## - DEWEY DECIMAL CLASSIFICATION NUMBER
Classification number 658.4034
Item number CHI/TE
100 ## - MAIN ENTRY--AUTHOR NAME
Personal name Chitale, A K.
245 ## - TITLE STATEMENT
Title Text book of operations research /
250 ## - EDITION STATEMENT
Edition statement 1 /
260 ## - PUBLICATION, DISTRIBUTION, ETC. (IMPRINT)
Place of publication New Delhi :
Name of publisher Jain Brothers ,
Year of publication 1992.
300 ## - PHYSICAL DESCRIPTION
Number of Pages 491 ; .
700 1# - ADDED ENTRY--PERSONAL NAME
Personal name Jayant, Negi.
942 ## - ADDED ENTRY ELEMENTS (KOHA)
Koha item type Books
Holdings
Withdrawn status Lost status Damaged status Home library Current library Date acquired Full call number Accession Number Koha item type
      KAUAET KAUAET 07/04/2012 658.4034 CHI/TE 20680 Books
free website counter